|
|
|
|
| LEADER |
00000nam a22000007a 4500 |
| 005 |
20190726005129.0 |
| 007 |
cr|||| |||| |
| 008 |
190726s2019 mx |||||s|||| 00||0 spa d |
| 020 |
|
|
|a 978-607-8628-22-3
|
| 035 |
|
|
|a 23907
|
| 040 |
|
|
|a vLex
|
| 090 |
|
|
|c 9070
|d 9070
|
| 100 |
1 |
|
|a Rico Arvizu, Cornelio
|
| 245 |
1 |
0 |
|a Cierre contable y presupuestal de la contabilidad gubernamental
|h [Recurso electrn̤ico] /
|c Cornelio Rico Arvizu
|
| 256 |
|
|
|a Servicio en ln̕ea
|
| 260 |
|
|
|a Ciudad de Mx̌ico:
|b Instituto Mexicano de Contadores Pb︢licos,
|c 2019
|
| 300 |
|
|
|a 1 recurso electrn̤ico
|
| 500 |
|
|
|a En cada cierre anual siempre se deben realizar verificaciones, conciliaciones y ajustes para la contabilidad gubernamental en el contexto de la Ley General de Contabilidad Gubernamental, de los Acuerdos del Consejo Nacional de Armonizacin̤ Contable (CONAC) y de la Ley de Disciplina Financiera de las Entidades Federativas y los Municipios. Sin embargo, hay un vaco̕ a escala nacional para llevar a cabo estas tareas contables que forman parte de la labor de la Contadura̕ Pb︢lica, pues se carece de una metodologa̕ organizada y secuencial que indique el modo de realizarlas. Cierre contable y presupuestal de la contabilidad gubernamental llena ese vaco̕ y subsana una serie de inconsistencias que se observan en los registros humanos o de reglas de negocio de los sistemas, entre los diferentes md̤ulos respecto a lo contable, presupuestal, metas, bienes y obras, entre otros, ya que esta obra presenta recomendaciones u observaciones para la entidad y sus servidores pb︢licos. Adems̀, muestra una metodologa̕ organizada y lg̤ica, sugerida en el esquema de armonizacin̤ contable, a partir de la Ley General de Contabilidad Gubernamental y de los Acuerdos del CONAC; desde la revisin̤ de cifras, ajustes previos y posteriores hasta llegar a los estados financieros emitidos con enfoque en lo patrimonial, presupuestal, programt̀ico y de inventarios, de acuerdo con los lineamientos mencionados.
|
| 506 |
1 |
|
|a Disponible solo en los productos indicados
|d vLex Global
|d vLex Global (Academic Edition, excluding Law Schools)
|d vLex Global (U.S. Academic Edition, Law Schools)
|d vLex Global (U.S. Academic Edition, excluding Law Schools)
|d vLex Global (Academic Edition, Law Schools)
|
| 650 |
0 |
4 |
|a Contabilidad
|z Mx̌ico
|
| 740 |
0 |
|
|a vLex Libros (Servicio en ln̕ea)
|
| 856 |
4 |
0 |
|u http://vlex.com/source/cierre-contable-y-presupuestal-de-la-contabilidad-gubernamental-23907
|z Acceso restringido
|
| 942 |
|
|
|c BOOK
|
| 999 |
0 |
|
|a Accounting
|